[Event "BRA-ch U20"]
[Site "Concordia"]
[Date "2021.10.02"]
[Round "5"]
[White "De Oliveira, Wythor Rogerio"]
[Black "Lima, Leonardo1111"]
[Result "1-0"]
[WhiteElo "1521"]
[BlackElo "1586"]
[PlyCount "61"]
[EventDate "2021.09.30"]
[EventType "swiss"]
[EventRounds "6"]
[EventCountry "BRA"]
[SourceTitle "EXT 2023"]
[Source "ChessBase"]
[SourceDate "2022.10.05"]
[SourceVersion "1"]
[SourceVersionDate "2022.10.05"]
[SourceQuality "1"]

1. e4 e5 2. Nf3 Nc6 3. Bc4 Nf6 4. d3 Be7 5. Nc3 d6 6. h3 Na5 7. Bb3 Nxb3 8. axb3 0-0 9. 0-0 a6 10. Nh2 Be6 11. f4 c6 12. f5 Qb6+ 13. Kh1 Bd7 14. Ng4 Rfe8 15. Nxf6+ Bxf6 16. g4 Qd8 17. Ne2 Bh4 18. Kg2 d5 19. Ng3 h6 20. Be3 Qe7 21. Nh5 dxe4 22. dxe4 Rad8 23. Qc1 Qb4 24. Ra4 Qb5 25. Rc4 Kh7 26. g5 f6 27. g6+ Kg8 28. Bxh6 Re7 29. Bxg7 Bg5 30. Nxf6+ Kxg7 31. Qxg5 1-0

[Event "Parana-ch"]
[Site "Maringa"]
[Date "2019.12.15"]
[Round "7"]
[White "Vieira, Luana Saddi"]
[Black "De Oliveira, Wythor Rogerio"]
[Result "0-1"]
[WhiteElo "1737"]
[BlackElo "1515"]
[PlyCount "89"]
[EventDate "2019.12.12"]
[EventType "swiss"]
[EventRounds "7"]
[EventCountry "BRA"]
[SourceTitle "CBM 193 Extra"]
[Source "ChessBase"]
[SourceDate "2020.01.31"]
[SourceVersion "1"]
[SourceVersionDate "2020.01.31"]
[SourceQuality "1"]

1. e4 e5 2. Bc4 Bc5 3. Nf3 Nc6 4. d3 h6 5. 0-0 d6 6. h3 Nf6 7. Be3 Bb6 8. Nc3 Be6 9. Nd5 Bxd5 10. exd5 Nb4 11. Bb5+ c6 12. dxc6 Nxc6 13. Nd2 Nd5 14. Nc4 f5 15. Nxb6 Nxb6 16. Qh5+ Ke7 17. Qxf5 Qf8 18. Qxf8+ Raxf8 19. Bxc6 bxc6 20. Rae1 Kd7 21. f3 g5 22. Rd1 c5 23. c3 Na4 24. Rd2 Rb8 25. b4 cxb4 26. cxb4 Rxb4 27. Bxa7 Nc5 28. Bxc5 dxc5 29. Rc1 Kc6 30. Re2 Kd5 31. Kf2 Rhb8 32. Rcc2 Rd4 33. Red2 Ra8 34. Rc3 Raa4 35. Ke3 h5 36. Rdc2 Ra5 37. Rb3 Rda4 38. Rbb2 h4 39. g3 hxg3 40. Rg2 Ra3 41. Rxg3 c4 42. Rd2 c3 43. Rc2 Rb5 44. Rg4 Rb2 45. Rgg2 0-1

[Event "Parana-ch"]
[Site "Maringa"]
[Date "2019.12.13"]
[Round "4"]
[White "De Oliveira, Wythor Rogerio"]
[Black "Almeida Junior, Alvaro Alves de"]
[Result "0-1"]
[WhiteElo "1515"]
[BlackElo "2137"]
[PlyCount "54"]
[EventDate "2019.12.12"]
[EventType "swiss"]
[EventRounds "7"]
[EventCountry "BRA"]
[SourceTitle "CBM 193 Extra"]
[Source "ChessBase"]
[SourceDate "2020.01.31"]
[SourceVersion "1"]
[SourceVersionDate "2020.01.31"]
[SourceQuality "1"]

1. e4 c5 2. c3 Qa5 3. Nf3 e6 4. Be2 Nf6 5. d3 Be7 6. 0-0 0-0 7. Na3 d5 8. e5 Nfd7 9. Nc2 Nc6 10. d4 cxd4 11. cxd4 f6 12. Bd2 Qb6 13. Bc3 fxe5 14. Nxe5 Ndxe5 15. dxe5 Bc5 16. Bf3 d4 17. Bxc6 dxc3 18. Bf3 cxb2 19. Rb1 a5 20. Qe2 Bd7 21. a3 a4 22. Ne3 Bb5 23. Nc4 Qa6 24. Qxb2 Bxc4 25. Bxb7 Qa7 26. Bxa8 Bxf1 27. Kxf1 Qxa8 0-1

[Event "Parana-ch"]
[Site "Maringa"]
[Date "2019.12.12"]
[Round "1"]
[White "Gonzalez, Bolivar Ribeiro"]
[Black "De Oliveira, Wythor Rogerio"]
[Result "0-1"]
[WhiteElo "2221"]
[BlackElo "1515"]
[PlyCount "38"]
[EventDate "2019.12.12"]
[EventType "swiss"]
[EventRounds "7"]
[EventCountry "BRA"]
[SourceTitle "CBM 193 Extra"]
[Source "ChessBase"]
[SourceDate "2020.01.31"]
[SourceVersion "1"]
[SourceVersionDate "2020.01.31"]
[SourceQuality "1"]

1. d4 d5 2. Nf3 Nf6 3. c4 e6 4. a3 c5 5. dxc5 dxc4 6. Qa4+ Nbd7 7. c6 bxc6 8. Qxc6 Rb8 9. Nc3 Qb6 10. Qxc4 Ba6 11. Qh4 Nc5 12. Nd2 Be7 13. b4 Ncd7 14. Bb2 Ne5 15. Qg3 Ng6 16. Na4 Qb7 17. Nb3 Ne4 18. Qf3 Nh4 19. Qh5 Bxb4+ 0-1

[Event "Concordia op 5th"]
[Site "Concordia"]
[Date "2019.05.02"]
[Round "3"]
[White "De Oliveira, Wythor Rogerio"]
[Black "Sosa, Alexandro Brum"]
[Result "0-1"]
[WhiteElo "1511"]
[BlackElo "1860"]
[PlyCount "60"]
[EventDate "2019.05.01"]
[EventType "swiss"]
[EventRounds "9"]
[EventCountry "BRA"]
[SourceTitle "CBM 190 Extra"]
[Source "ChessBase"]
[SourceDate "2019.07.15"]
[SourceVersion "1"]
[SourceVersionDate "2019.07.15"]
[SourceQuality "1"]

1. e4 e6 2. d4 d5 3. exd5 exd5 4. Bd3 Nc6 5. c3 Bd6 6. Qc2 h6 7. Be3 Nf6 8. Nd2 Be6 9. Ne2 Qd7 10. Ng3 Ne7 11. 0-0-0 0-0-0 12. Ne2 Bf5 13. Nf4 Rhe8 14. h3 g5 15. Ne2 Bxd3 16. Qxd3 Nf5 17. Nf1 Ne4 18. f3 Nxe3 19. Qxe3 Ng3 20. Qxe8 Rxe8 21. Nfxg3 b5 22. Rhe1 b4 23. Nh5 Qb5 24. Nhg3 Qc4 25. b3 Qa6 26. Kb1 bxc3 27. a4 h5 28. Kc2 h4 29. Nxc3 Rxe1 30. Rxe1 Bxg3 0-1

[Event "Parana-ch"]
[Site "Curitiba"]
[Date "2018.11.24"]
[Round "5"]
[White "De Oliveira, Wythor Rogerio"]
[Black "Silva, Janderson Rossi Da"]
[Result "0-1"]
[WhiteElo "1335"]
[BlackElo "1868"]
[PlyCount "132"]
[EventDate "2018.11.22"]
[EventType "swiss"]
[EventRounds "7"]
[EventCountry "BRA"]
[SourceTitle "CBM 187 Extra"]
[Source "ChessBase"]
[SourceDate "2018.11.04"]
[SourceVersion "1"]
[SourceVersionDate "2018.11.04"]
[SourceQuality "1"]

1. e4 d5 2. exd5 Qxd5 3. Nc3 Qa5 4. d4 Nf6 5. Nf3 Bg4 6. Be2 Ne4 7. Qd3 Nd6 8. 0-0 Bf5 9. Qd2 Nd7 10. Nh4 Bg6 11. a3 c6 12. b4 Qc7 13. Na4 e6 14. c4 Be7 15. Nf3 Ne4 16. Qe3 0-0 17. Bd3 Nef6 18. Bxg6 hxg6 19. Bb2 Bd6 20. Ne5 Rad8 21. f4 a5 22. Nc5 axb4 23. axb4 Ra8 24. Ncxd7 Nxd7 25. Nxd7 Qxd7 26. Qc3 Be7 27. c5 Qd5 28. Qf3 Qxf3 29. gxf3 Bf6 30. Rxa8 Rxa8 31. Ra1 Rxa1+ 32. Bxa1 Bd8 33. Bc3 Bc7 34. Bd2 Kf8 35. Kf2 Ke7 36. Ke3 b5 37. Be1 Kf6 38. Ke4 Ke7 39. Bg3 Kf8 40. Ke3 Kg8 41. Kf2 Kh7 42. Kg2 Kh6 43. Kh3 Kh5 44. Kg2 Bd8 45. Kf2 g5 46. Ke3 f5 47. fxg5 Bxg5+ 48. f4 Bf6 49. h3 g6 50. Bf2 g5 51. Kf3 Bd8 52. Be3 g4+ 53. hxg4+ fxg4+ 54. Kg2 Bh4 55. f5 exf5 56. d5 cxd5 57. c6 Bd8 58. Bf4 Kg6 59. c7 Bxc7 60. Bxc7 Kf6 61. Kg3 d4 62. Kf4 Ke6 63. Bb6 Kd5 64. Kxf5 g3 65. Bc7 g2 66. Bh2 d3 0-1

[Event "Curitiba Fexpar op 1st"]
[Site "Curitiba"]
[Date "2018.11.04"]
[Round "6"]
[White "De Oliveira, Wythor Rogerio"]
[Black "Da Silva, Joao Carlos Orguim"]
[Result "0-1"]
[WhiteElo "1335"]
[BlackElo "1751"]
[PlyCount "86"]
[EventDate "2018.11.02"]
[EventType "swiss"]
[EventRounds "7"]
[EventCountry "BRA"]
[SourceTitle "EXT 2020"]
[Source "ChessBase"]
[SourceDate "2019.10.17"]
[SourceVersion "1"]
[SourceVersionDate "2019.10.17"]
[SourceQuality "1"]

1. e4 c5 2. c3 d5 3. exd5 Qxd5 4. Nf3 Nc6 5. Bb5 Bd7 6. 0-0 e6 7. Bxc6 Bxc6 8. d4 Bd6 9. Re1 Nf6 10. Be3 Rd8 11. Kh1 Ng4 12. Rg1 Qh5 13. h3 f5 14. Rf1 0-0 15. Kg1 Nf6 16. Ng5 Qxd1 17. Rxd1 Rfe8 18. Nd2 f4 19. dxc5 fxe3 20. cxd6 exd2 21. Rxd2 h6 22. Nf3 Bxf3 23. gxf3 Rd7 24. Re1 Kf7 25. c4 b6 26. b4 Rc8 27. Rc1 Ne8 28. c5 Rc6 29. Rdc2 b5 30. Kf1 Nf6 31. Ke1 Nd5 32. a3 Nf4 33. Kd2 Nxh3 34. Rf1 Nf4 35. Kc1 Nd3+ 36. Kb1 Ne5 37. a4 a6 38. axb5 axb5 39. f4 Nd3 40. Rc3 Nxb4 41. Rb3 Na6 42. Ra3 Nxc5 43. Rc1 Rdxd6 0-1

[Event "Curitiba Fexpar op 1st"]
[Site "Curitiba"]
[Date "2018.11.03"]
[Round "5"]
[White "De Oliveira, Wythor Rogerio"]
[Black "Feller, Gabriela Luisa Vice"]
[Result "1-0"]
[WhiteElo "1335"]
[BlackElo "1643"]
[PlyCount "83"]
[EventDate "2018.11.02"]
[EventType "swiss"]
[EventRounds "7"]
[EventCountry "BRA"]
[SourceTitle "EXT 2020"]
[Source "ChessBase"]
[SourceDate "2019.10.17"]
[SourceVersion "1"]
[SourceVersionDate "2019.10.17"]
[SourceQuality "1"]

1. e4 e5 2. Nf3 Nc6 3. Nc3 Nf6 4. Bc4 Bc5 5. d3 d6 6. Bg5 Be6 7. Bb3 h6 8. Be3 Bb4 9. Rb1 0-0 10. 0-0 Bg4 11. Nd5 Ba5 12. h3 Bh5 13. c3 Nxd5 14. Bxd5 Qf6 15. Bxc6 bxc6 16. a4 Bxf3 17. Qxf3 Qxf3 18. gxf3 Bb6 19. Kh2 Rfb8 20. b4 Rb7 21. Rb2 Rab8 22. Rfb1 Bxe3 23. fxe3 a6 24. c4 Kf8 25. Kg3 Ke7 26. d4 Ke6 27. d5+ cxd5 28. exd5+ Kd7 29. e4 c6 30. a5 c5 31. b5 axb5 32. cxb5 Ra8 33. Ra1 Kc7 34. b6+ Kd7 35. a6 Rbb8 36. b7 Ra7 37. Kf2 Kc7 38. Ke3 Rd8 39. Rab1 Kb8 40. Rb6 g6 41. Rc6 f5 42. Rbb6 1-0

[Event "Curitiba Fexpar op 1st"]
[Site "Curitiba"]
[Date "2018.11.03"]
[Round "4"]
[White "Klein, Luan Carlos"]
[Black "De Oliveira, Wythor Rogerio"]
[Result "1-0"]
[WhiteElo "1838"]
[BlackElo "1335"]
[PlyCount "100"]
[EventDate "2018.11.02"]
[EventType "swiss"]
[EventRounds "7"]
[EventCountry "BRA"]
[SourceTitle "EXT 2020"]
[Source "ChessBase"]
[SourceDate "2019.10.17"]
[SourceVersion "1"]
[SourceVersionDate "2019.10.17"]
[SourceQuality "1"]

1. e4 e5 2. f4 exf4 3. Nf3 d6 4. Bc4 Be6 5. Be2 Nc6 6. d4 d5 7. e5 g5 8. h4 g4 9. Ng5 h5 10. Nxe6 fxe6 11. Bxf4 Qd7 12. c3 a6 13. Bd3 Nge7 14. Nd2 0-0-0 15. Qa4 Bg7 16. Bxa6 bxa6 17. Qxa6+ Kb8 18. Nb3 Qc8 19. Qb5+ Qb7 20. Qxb7+ Kxb7 21. Nc5+ Kc8 22. Nxe6 Rdg8 23. Bg5 Kd7 24. Nxg7 Rxg7 25. Bf6 Rhg8 26. Bxg7 Rxg7 27. Rf1 g3 28. a4 Rg4 29. b4 Rxh4 30. a5 Na7 31. Ra2 Rh2 32. Rf3 h4 33. e6+ Kd6 34. Re2 Nb5 35. Kd2 Na3 36. Ke3 Ng6 37. Rf6 Ne7 38. Kf3 Nb5 39. a6 Rh1 40. Kg4 Nxc3 41. Ra2 Nb5 42. a7 Nxa7 43. Rxa7 h3 44. Ra6+ c6 45. Kxg3 hxg2 46. Kxg2 Re1 47. b5 Re2+ 48. Kf1 Rb2 49. bxc6 Rc2 50. c7+ Kxc7 1-0

[Event "Curitiba Fexpar op 1st"]
[Site "Curitiba"]
[Date "2018.11.02"]
[Round "1"]
[White "De Oliveira, Wythor Rogerio"]
[Black "Correa, Jose Augusto"]
[Result "1-0"]
[WhiteElo "1335"]
[BlackElo "1935"]
[PlyCount "58"]
[EventDate "2018.11.02"]
[EventType "swiss"]
[EventRounds "7"]
[EventCountry "BRA"]
[SourceTitle "EXT 2020"]
[Source "ChessBase"]
[SourceDate "2019.10.17"]
[SourceVersion "1"]
[SourceVersionDate "2019.10.17"]
[SourceQuality "1"]

1. e4 c5 2. c3 d5 3. exd5 Qxd5 4. Nf3 Nf6 5. d4 Bg4 6. Be2 Nc6 7. c4 Qd6 8. d5 Bxf3 9. Bxf3 Nd4 10. Be3 Nxf3+ 11. Qxf3 g6 12. Bf4 Qb6 13. b3 Bg7 14. Be5 0-0 15. Nc3 Nd7 16. Bxg7 Kxg7 17. 0-0 Qf6 18. Qe3 b6 19. Rfe1 Rae8 20. Rad1 e6 21. d6 Kg8 22. Nb5 h5 23. Nxa7 Ra8 24. Nc6 Rxa2 25. f3 Qb2 26. Qg5 Kh7 27. Kh1 f6 28. Qg3 Qxb3 29. Ne7 g5 1-0

[Event "Caioba Telecom op"]
[Site "Caioba"]
[Date "2018.08.01"]
[Round "1"]
[White "De Oliveira, Wythor Rogerio"]
[Black "Caetano, Ryan Wesley da Cost"]
[Result "1/2-1/2"]
[WhiteElo "1291"]
[BlackElo "1955"]
[PlyCount "91"]
[EventDate "2018.08.01"]
[EventType "swiss"]
[EventRounds "9"]
[EventCountry "BRA"]
[SourceTitle "CBM 186 Extra"]
[Source "ChessBase"]
[SourceDate "2018.08.24"]
[SourceVersion "1"]
[SourceVersionDate "2018.08.24"]
[SourceQuality "1"]

1. e4 c5 2. c3 Nf6 3. e5 Nd5 4. d4 cxd4 5. cxd4 e6 6. a3 Nc6 7. Nf3 d6 8. Be2 Qc7 9. Qc2 dxe5 10. dxe5 Nxe5 11. Qxc7 Nxf3+ 12. Bxf3 Nxc7 13. Nc3 Bd6 14. 0-0 0-0 15. Rd1 Be5 16. Be3 f5 17. Rac1 Bf6 18. Na4 Rf7 19. Bd4 e5 20. Bc3 e4 21. Bh5 Rd7 22. Bxf6 gxf6 23. Nc5 Rxd1+ 24. Bxd1 Ne8 25. Bb3+ Kg7 26. Rd1 b6 27. Ne6+ Bxe6 28. Bxe6 Kg6 29. Rd7 Ng7 30. Bc4 Rc8 31. b3 f4 32. Kf1 a6 33. Bxa6 Rc1+ 34. Ke2 Rc2+ 35. Rd2 Rxd2+ 36. Kxd2 Kf5 37. a4 Ke5 38. Bc8 Ne8 39. Ba6 Kd4 40. b4 Nc7 41. Bb7 f5 42. a5 bxa5 43. bxa5 e3+ 44. fxe3+ fxe3+ 45. Ke2 f4 46. g3 1/2-1/2

[Event "Caioba Telecom op"]
[Site "Caioba"]
[Date "2018.08.01"]
[Round "2"]
[White "Vieira, Jose Renato Braga S"]
[Black "De Oliveira, Wythor Rogerio"]
[Result "1-0"]
[WhiteElo "1887"]
[BlackElo "1291"]
[PlyCount "37"]
[EventDate "2018.08.01"]
[EventType "swiss"]
[EventRounds "9"]
[EventCountry "BRA"]
[SourceTitle "CBM 186 Extra"]
[Source "ChessBase"]
[SourceDate "2018.08.24"]
[SourceVersion "1"]
[SourceVersionDate "2018.08.24"]
[SourceQuality "1"]

1. d4 d5 2. c4 e6 3. Nc3 Nf6 4. Nf3 Bd7 5. cxd5 Nxd5 6. e4 Nxc3 7. bxc3 Be7 8. Bd3 0-0 9. 0-0 c5 10. d5 Qc7 11. c4 Bf6 12. Rb1 Bd4 13. e5 exd5 14. cxd5 Bxe5 15. Nxe5 Qxe5 16. Rxb7 Qxd5 17. Bxh7+ Kxh7 18. Qxd5 Bc6 19. Qxc5 1-0

[Event "Curitiba op"]
[Site "Curitiba"]
[Date "2018.02.23"]
[Round "1"]
[White "Silva, Janderson Rossi Da"]
[Black "De Oliveira, Wythor Rogerio"]
[Result "1-0"]
[WhiteElo "1850"]
[BlackElo "1255"]
[PlyCount "49"]
[EventDate "2018.02.23"]
[EventType "swiss"]
[EventRounds "6"]
[EventCountry "BRA"]
[SourceTitle "CBM 183 Extra"]
[Source "ChessBase"]
[SourceDate "2018.04.19"]
[SourceVersion "1"]
[SourceVersionDate "2018.04.19"]
[SourceQuality "1"]

1. e4 e5 2. Nf3 Nc6 3. d4 exd4 4. Nxd4 Nge7 5. Nc3 Nxd4 6. Qxd4 Nc6 7. Qd3 Be7 8. Bf4 d6 9. Nd5 Ne5 10. Qc3 f6 11. Nxc7+ Kf8 12. Nxa8 Nc6 13. 0-0-0 Be6 14. Bc4 Bxc4 15. Qxc4 Ne5 16. Bxe5 fxe5 17. Nc7 Bg5+ 18. Kb1 Qd7 19. Ne6+ Ke7 20. Nxg5 Rf8 21. Nf3 Rc8 22. Qd5 Rc5 23. Qg8 Kf6 24. Qf8+ Kg6 25. Rxd6+ 1-0

[Event "Caioba Telecom op"]
[Site "Caioba"]
[Date "2017.10.01"]
[Round "7"]
[White "Rodrigues, Vinicius Silva"]
[Black "De Oliveira, Wythor Rogerio"]
[Result "1-0"]
[WhiteElo "1625"]
[BlackElo "1236"]
[PlyCount "30"]
[EventDate "2017.09.28"]
[EventType "swiss"]
[EventRounds "8"]
[EventCountry "BRA"]
[SourceTitle "EXT 2020"]
[Source "ChessBase"]
[SourceDate "2019.10.17"]
[SourceVersion "1"]
[SourceVersionDate "2019.10.17"]
[SourceQuality "1"]

1. d4 Nf6 2. c4 g6 3. Nc3 Bg7 4. e4 d6 5. f4 0-0 6. e5 Ne8 7. Nf3 Bg4 8. h3 Bxf3 9. Qxf3 c6 10. Be3 e6 11. Ne4 d5 12. Nf2 Nc7 13. g4 Nd7 14. f5 dxc4 15. f6 Bh8 1-0

[Event "Curitiba Sul Region-ch"]
[Site "Curitiba"]
[Date "2017.04.15"]
[Round "4"]
[White "De Oliveira, Wythor Rogerio"]
[Black "Ibanez, Jorge Dias Llivi"]
[Result "1-0"]
[WhiteElo "1257"]
[BlackElo "1674"]
[PlyCount "226"]
[EventDate "2017.04.14"]
[EventType "swiss"]
[EventRounds "6"]
[EventCountry "BRA"]
[SourceTitle "CBM 178 Extra"]
[Source "ChessBase"]
[SourceDate "2017.06.22"]
[SourceVersion "1"]
[SourceVersionDate "2017.06.22"]
[SourceQuality "1"]

1. e4 e5 2. Nf3 d6 3. h3 Be6 4. c3 Nf6 5. Qe2 c6 6. d4 Be7 7. Bg5 Qc7 8. dxe5 dxe5 9. Nbd2 Nbd7 10. Bxf6 Bxf6 11. Qe3 0-0 12. Bc4 Bxc4 13. Nxc4 b5 14. Ncd2 a5 15. 0-0 Rab8 16. b4 a4 17. a3 Rfe8 18. Rfd1 Nb6 19. Rac1 Qe7 20. c4 Qe6 21. c5 Nd7 22. Nf1 Be7 23. Rd2 Nf8 24. Qc3 f6 25. Ne3 Rbd8 26. Rcd1 Rxd2 27. Rxd2 g6 28. Nd5 Kf7 29. Nc7 Qc8 30. Nxe8 Qxe8 31. Ne1 Ne6 32. Nc2 Ng5 33. Qd3 Ke6 34. h4 Nf7 35. g3 g5 36. Qf3 Nh6 37. hxg5 fxg5 38. g4 Bf8 39. Ne3 Qf7 40. Qxf7+ Nxf7 41. Nf5 Kf6 42. Rd7 Ke6 43. Rc7 Nd8 44. Rxh7 Nf7 45. Rh3 Nd8 46. Rh6+ Bxh6 47. Nxh6 Kf6 48. Nf5 Ne6 49. Ne3 Nd4 50. Kf1 Ke6 51. Ke1 Kf6 52. Kd2 Nf3+ 53. Kd3 Nh4 54. Ke2 Ng6 55. Ng2 Ke7 56. Ke3 Nf8 57. Kd3 Ne6 58. Kd2 Nd4 59. Ne3 Ke6 60. Kd3 Nf3 61. Ke2 Ng1+ 62. Kf1 Nh3 63. Ke2 Nf4+ 64. Kd2 Kf6 65. Nf5 Ne6 66. Nd6 Nd4 67. Nf5 Nb3+ 68. Kd3 Ke6 69. Nd6 Nc1+ 70. Kd2 Nb3+ 71. Kd3 Nd4 72. Nf5 Nf3 73. Ke2 Ng1+ 74. Ke3 Nh3 75. Kd2 Nxf2 76. Nd6 Nxg4 77. Nc8 Nf6 78. Nd6 Ng8 79. Ke3 Ne7 80. Kf3 Kf6 81. Kg3 Kg6 82. Kg4 Ng8 83. Nc8 Kf6 84. Nd6 Ne7 85. Ne8+ Kg6 86. Nd6 Ng8 87. Nc8 Nf6+ 88. Kf3 g4+ 89. Kg3 Nxe4+ 90. Kxg4 Nf6+ 91. Kf3 Nd7 92. Ne7+ Kf7 93. Nxc6 Ke6 94. Na7 Kd5 95. Nxb5 Nxc5 96. Nc3+ Kd4 97. bxc5 Kxc5 98. Nxa4+ Kd4 99. Ke2 Kc4 100. Nb2+ Kb3 101. a4 Kb4 102. Ke3 Ka5 103. Ke4 Kb4 104. Kxe5 Ka5 105. Kd5 Ka6 106. Kc4 Ka5 107. Kc5 Ka6 108. Nc4 Ka7 109. Kb5 Kb7 110. a5 Ka7 111. Nd6 Kb8 112. Kb6 Ka8 113. a6 Kb8 1-0

[Event "Curitiba Sul Region-ch"]
[Site "Curitiba"]
[Date "2017.04.14"]
[Round "1"]
[White "Pereira, Geanfrancesco"]
[Black "De Oliveira, Wythor Rogerio"]
[Result "1-0"]
[WhiteElo "2036"]
[BlackElo "1257"]
[PlyCount "55"]
[EventDate "2017.04.14"]
[EventType "swiss"]
[EventRounds "6"]
[EventCountry "BRA"]
[SourceTitle "CBM 178 Extra"]
[Source "ChessBase"]
[SourceDate "2017.06.22"]
[SourceVersion "1"]
[SourceVersionDate "2017.06.22"]
[SourceQuality "1"]

1. e4 e5 2. Nf3 Nc6 3. Bc4 Bc5 4. b4 Bxb4 5. c3 Bc5 6. d4 exd4 7. cxd4 Bb4+ 8. Bd2 Nge7 9. Bxf7+ Kf8 10. Bb3 d5 11. exd5 Nxd5 12. Ne5 Nxe5 13. dxe5 Bxd2+ 14. Nxd2 Ke8 15. Qh5+ g6 16. Qf3 Be6 17. 0-0 Rf8 18. Qd3 Nf4 19. Qb5+ c6 20. Qxb7 Nh3+ 21. gxh3 Qg5+ 22. Kh1 Bd5+ 23. Bxd5 cxd5 24. Qxa8+ Ke7 25. Qxa7+ Ke6 26. Rab1 Kxe5 27. f4+ Rxf4 28. Qc7+ 1-0

[Event "Joinville op U220"]
[Site "Joinville"]
[Date "2017.02.18"]
[Round "4"]
[White "Ibanez, Jorge Dias Llivi"]
[Black "De Oliveira, Wythor Rogerio"]
[Result "1-0"]
[WhiteElo "1710"]
[BlackElo "1226"]
[PlyCount "63"]
[EventDate "2017.02.17"]
[EventType "swiss"]
[EventRounds "7"]
[EventCountry "BRA"]
[SourceTitle "CBM 177 Extra"]
[Source "ChessBase"]
[SourceDate "2017.04.27"]
[SourceVersion "1"]
[SourceVersionDate "2017.04.27"]
[SourceQuality "1"]

1. d4 Nf6 2. Nc3 g6 3. Nf3 Bg7 4. e4 d5 5. e5 Ne4 6. Bd3 Nxc3 7. bxc3 Nc6 8. 0-0 e6 9. Bg5 Ne7 10. c4 c6 11. cxd5 exd5 12. h3 0-0 13. Qc1 Be6 14. Rb1 Rb8 15. Qa3 f6 16. exf6 Bxf6 17. Bh6 Bg7 18. Bxg7 Kxg7 19. Ne5 Ng8 20. Be2 Qg5 21. Qg3 Qd2 22. Bd3 Qf4 23. c3 Qxg3 24. fxg3 Rxf1+ 25. Bxf1 Bf5 26. Rb2 Ne7 27. g4 Be4 28. Nd7 Ra8 29. Rxb7 Kf7 30. a4 Ke6 31. Nc5+ Kd6 32. Rd7# 1-0

[Event "Joinville op U220"]
[Site "Joinville"]
[Date "2017.02.17"]
[Round "1"]
[White "De Oliveira, Wythor Rogerio"]
[Black "Torres, Eduardo Lisboa"]
[Result "0-1"]
[WhiteElo "1226"]
[BlackElo "1929"]
[PlyCount "78"]
[EventDate "2017.02.17"]
[EventType "swiss"]
[EventRounds "7"]
[EventCountry "BRA"]
[SourceTitle "CBM 177 Extra"]
[Source "ChessBase"]
[SourceDate "2017.04.27"]
[SourceVersion "1"]
[SourceVersionDate "2017.04.27"]
[SourceQuality "1"]

1. e4 c5 2. c3 d5 3. d4 dxe4 4. Be3 cxd4 5. Qxd4 Qxd4 6. Bxd4 Nc6 7. Bb5 Bd7 8. Ne2 Nh6 9. 0-0 Nf5 10. Rc1 a6 11. Bxc6 Bxc6 12. Bb6 g6 13. Nd4 Bh6 14. Rd1 Nxd4 15. Rxd4 e3 16. f3 e2 17. Kf2 Be3+ 18. Kxe2 Bxd4 19. Bxd4 f6 20. Nd2 Kf7 21. Bb6 Rac8 22. c4 e5 23. Ne4 Bxe4 24. fxe4 Rxc4 25. Rd1 Rc2+ 26. Kf3 Re8 27. a4 Rxb2 28. a5 Re7 29. Bd8 Re6 30. Rd7+ Ke8 31. Rd3 h5 32. Bb6 Rc6 33. Rd8+ Ke7 34. Rd3 Rcxb6 35. axb6 Rxb6 36. g4 hxg4+ 37. Kxg4 Rb4 38. Kf3 f5 39. exf5 e4+ 0-1

[Event "Parana-ch"]
[Site "Pirai do Sul"]
[Date "2017.02.03"]
[Round "5"]
[White "Souza, Gustavo Horokoski"]
[Black "De Oliveira, Wythor Rogerio"]
[Result "1-0"]
[WhiteElo "1938"]
[BlackElo "1226"]
[PlyCount "75"]
[EventDate "2017.02.01"]
[EventType "swiss"]
[EventRounds "8"]
[EventCountry "BRA"]
[SourceTitle "CBM 176 Extra"]
[Source "ChessBase"]
[SourceDate "2017.03.02"]
[SourceVersion "1"]
[SourceVersionDate "2017.03.02"]
[SourceQuality "1"]

1. d4 Nf6 2. c4 g6 3. Nc3 Bg7 4. e4 d6 5. Be2 0-0 6. g4 e5 7. d5 c6 8. g5 Ne8 9. h4 Qb6 10. a3 Qd4 11. Qc2 Qb6 12. Be3 c5 13. b4 Nd7 14. Nf3 Qc7 15. Qd2 b6 16. h5 Nb8 17. Nh2 Qd7 18. hxg6 fxg6 19. Ng4 Qf7 20. 0-0-0 a5 21. b5 Nc7 22. Na4 Nd7 23. Rh2 Re8 24. Rdh1 Nf8 25. Nxb6 Bxg4 26. Nxa8 Bxe2 27. Nxc7 Qxc7 28. Qxe2 a4 29. Bd2 Qf7 30. Rh4 Kh8 31. Rf1 Nd7 32. Ba5 Ra8 33. Bc7 Bf8 34. Rfh1 Kg8 35. Rxh7 Qf4+ 36. Qe3 Be7 37. Rh8+ Kg7 38. R1h7# 1-0

[Event "Parana-ch"]
[Site "Pirai do Sul"]
[Date "2017.02.01"]
[Round "1"]
[White "De Oliveira, Wythor Rogerio"]
[Black "Acosta, Pablo Alejandro"]
[Result "0-1"]
[WhiteElo "1226"]
[BlackElo "2046"]
[PlyCount "50"]
[EventDate "2017.02.01"]
[EventType "swiss"]
[EventRounds "8"]
[EventCountry "BRA"]
[SourceTitle "CBM 176 Extra"]
[Source "ChessBase"]
[SourceDate "2017.03.02"]
[SourceVersion "1"]
[SourceVersionDate "2017.03.02"]
[SourceQuality "1"]

1. e4 e6 2. d4 d5 3. e5 c5 4. c3 Nc6 5. Nf3 cxd4 6. cxd4 Nge7 7. Bb5 Bd7 8. Qa4 Nf5 9. Nc3 a6 10. Bg5 axb5 11. Bxd8 bxa4 12. Bb6 Nb4 13. Rc1 Nd3+ 14. Kd2 Nxc1 15. Rxc1 h5 16. a3 Be7 17. Ne2 g5 18. Rc7 g4 19. Nfg1 Bc6 20. Nf4 Bd8 21. Rxc6 bxc6 22. Bxd8 Kxd8 23. h3 Nxd4 24. Nge2 Nxe2 25. Kxe2 Rb8 0-1

[Event "Caioba Telecom op"]
[Site "Caioba"]
[Date "2016.08.26"]
[Round "1"]
[White "De Oliveira, Wythor Rogerio"]
[Black "De Borba, Gabriel"]
[Result "0-1"]
[WhiteElo "1246"]
[BlackElo "1953"]
[PlyCount "86"]
[EventDate "2016.08.26"]
[EventType "swiss"]
[EventRounds "6"]
[EventCountry "BRA"]
[SourceTitle "CBM 174 Extra"]
[Source "ChessBase"]
[SourceDate "2016.10.10"]
[SourceVersion "1"]
[SourceVersionDate "2016.10.10"]
[SourceQuality "1"]

1. d4 Nf6 2. e3 g6 3. Nc3 Bg7 4. Nf3 0-0 5. Bd3 d6 6. Bd2 Nc6 7. Qc1 e5 8. d5 Ne7 9. e4 Ne8 10. Bh6 f5 11. Qg5 f4 12. Bxg7 Kxg7 13. g4 Nf6 14. Rg1 h6 15. Qh4 g5 16. Nxg5 Ng6 17. Qh3 hxg5 18. f3 c6 19. 0-0-0 c5 20. Rh1 a6 21. Qf1 b5 22. a3 Qa5 23. Qe1 Nh4 24. Be2 Bd7 25. Na2 Qb6 26. b3 a5 27. c3 Rfc8 28. c4 bxc4 29. Bxc4 Nxf3 30. Qf2 Nh4 31. h3 Nxe4 32. Qc2 Nf6 33. Be2 a4 34. Bc4 axb3 35. Qxb3 Qxb3 36. Bxb3 Rxa3 37. Kb2 Ra7 38. Nc3 Rb8 39. Ra1 Rxa1 40. Rxa1 c4 41. Ra3 Rxb3+ 42. Rxb3 cxb3 43. Kxb3 f3 0-1